1249 1218 1356 1211 1889 1127 1768 1800 1672 1423 1331 1370 1936 1046 1391 1609 1820 1160 1597 1797 1335 1013 1552 1669 1164 1220 1280 1161 1339 1945 1549 1371 1380 1544 1905 1462 1264 1343 1289 1040 1104 1950 1851 1601 1319 1921 1099 1235 1825 1457 1119 1969 1395 1200 1324 1138 1501 1813 1198 1541 1961 1385 1754 1540 1398 1307 1918 1901 1588 1998 1341 1340 1224 1194 1567 1941 1196 1588 1946 1528 1126 1862 1111 1356 1864 1610 1490 1047 1102 1138 1977 1197 1404 1123 1913 1693 1486 1082 1316 BCNSPRNW ULIB Ver.6.0+V

เปลี่ยนเป็นภาษาไทย

Change to English
 แสดงรายละเอียดบรรณานุกรม
  กลับหน้าหลัก

Brief Record : Get Marc (ISO 2709) : E-mail record : QR code < ปิดหน้าต่าง
LEADER : 00000nam 2200000uu 4500
001    13399109703
003     ULIB
008    110408s2548||||th 000 0 tha d
020    974970181x
060 04 WV140^bก482ก 2548
111 2  การประชุมวิชาการเภสัชศาสตร์^n(ครั้งที่ 3 :^d2548 :^cปทุมธานี)
245 10 การประชุมวิชาการเภสัชศาสตร์ครั้งที่ 3 เรื่อง ยาและโรคตา หูคอ จมูก :^bวันที่ 20-21 มกราคม 2548 ณ ห้องประชุม 1-301 อาคารอาทิตย์ อุไรรัตน์ มหาวิทยาลัยรังสิต /^cโดย คณะเภสัชศาสตร์ มหาวิทยาลัยรังสิต ร่วมกับ สำนักงานคณะกรรมการอาหารและยา กระทรวงสาธารณสุข ; บรรณาธิการ: กุสาวดี เมลืองนนท์ ... [และคนอื่นๆ]
246 30 ยาและโรคตา หู คอ จมูก
250    พิมพ์ครั้งที่ 1
260    ปทุมธานี :^bคณะ,^c2548
300    [7], 203, [8] หน้า :^bภาพประกอบ ;^c27 ซม
504    มีบรรณานุกรมและดัชนี
650  7 เภสัชศาสตร์^vการประชุม
650  7 ยารักษาโรคทางระบบหูคอจมูกและกล่องเสียง
650  7 ยาตา
650  7 หูคอจมูกและกล่องเสียง, โรค^xการรักษาด้วยยา
650  7 ตา, โรค^xการรักษาด้วยยา
700 0  กุสาวดี เมลืองนนท์,^eบรรณาธิการ
710 2  มหาวิทยาลัยรังสิต. ^bคณะเภสัชศาสตร์
710 2  สำนักงานคณะกรรมการอาหารและยา
945    ^p0^l0^i018826
995    เกษร
999 ^a ใช้งานได้ทุกระบบ
รายการนี้ยังไม่มีแท็ก
คุณยังไม่ได้ล็อกอิน คุณสามารถมีกิจกรรมร่วมกับเว็บไซต์ได้ แต่ต้องล็อกอินก่อน ::
  ล็อกอิน

รายการสื่อสารสนเทศ

ลำดับที่ ประเภท เลขเรียก/บาร์โค้ด สถานที่ สถานะ
- ไม่พบข้อมูล -

BibComment


ยังไม่เคยถูกคอมเมนท์

คอมเมนท์ทรัพยากรรายการนี้
  คอมเมนท์: การประชุมวิชาการเ..


 Copyright 2026. Bcnsprnw @Library